Informe anual sobre derechos humanos en Chile 2010

Uloženo v:
Podrobná bibliografie
Hlavní autor: Contesse Singh, Jorge (Autor)
Médium: Kniha
Jazyk:španělština
Vydáno: Santiago Universidad Diego Portales 2010
Témata:
Tagy: Přidat tag
Žádné tagy, Buďte první, kdo vytvoří štítek k tomuto záznamu!

MARC

LEADER 00000nam a2200000 a 4500
001 UCG5233
003 CL-VaPUC
008 110113e20100000CL |||||||||||||||||spa|d
020 |a 9789563141160 
082 0 4 |a 323.983  |b CON  |2 21 
100 0 |a Contesse Singh, Jorge  |e author  |9 554854 
245 1 0 |a Informe anual sobre derechos humanos en Chile 2010 
300 |a 476 p 
942 |c BK 
945 |d 20110113 00:00:00  |a dcastane 
260 |a Santiago  |b Universidad Diego Portales  |c 2010 
650 0 |a Derechos humanos  |9 223025 
650 0 |a Libertad de expresión   |9 329993 
650 7 |a DERECHO LABORAL  |2 CL-VaPUC  |9 15 
650 0 |a Derecho de salud  |9 256907 
650 0 |a Derechos del niño  |9 258728 
650 0 |a Derecho a la educación   |9 307987 
650 7 |a JUSTICIA MILITAR  |2 CL-VaPUC  |9 554855 
650 0 |a Derecho ambiental   |9 257835 
583 |a last modification  |c 20161005 05:20:47  |k Rodrigo Vera 
999 |c 343793  |d 343791 
952 |0 0  |1 0  |4 0  |6 323_983000000000000_CON_2010  |7 0  |8 A  |9 441391  |a BIBDER  |b BIBDER  |d 2019-11-22  |i 4749979  |o 323.983 CON 2010  |p 4749979  |r 2023-01-25  |w 2019-11-22  |y BK  |k DER